MARC

LEADER 00000nam0a2200000 4500
001 71760
005 20231031082907.0
010 |a 596140062X 
035 |a (RuTPU)RU\TPU\book\76488 
090 |a 71760 
100 |a 20041223d2004 km y0rusy50 ca 
101 1 |a rus  |c eng 
102 |a RU 
105 |a y z 000zy 
200 1 |a Истинный профессионализм  |e пер. с англ.  |f Д. Майстер 
210 |a Москва  |c Альпина Бизнес Букс  |c БДО Юникон Консалтинг  |d 2004 
215 |a 228с. 
610 1 |a экономика 
610 1 |a бизнес 
610 1 |a фирмы 
610 1 |a руководители 
610 1 |a управление 
610 1 |a ценности 
610 1 |a успех 
610 1 |a консультирование 
610 1 |a клиенты 
610 1 |a маркетинг 
686 |a У012.12  |v LBC/SL-A  |2 rubbk 
700 1 |a Майстер  |b Д.  |g Дэвид 
801 1 |a RU  |b 63413507  |c 20041223  |g PSBO 
801 2 |a RU  |b 63413507  |c 20120423  |g PSBO 
942 |c BK